Statistics for Hello in Different Languages

Click here to take the quiz!

General Stats

  • This quiz has been taken 29 times
  • The average score is 13 of 42

Answer Stats

LanguageWhat is Hello?% Correct
FrenchBonjour/Salut/Allo/Tiens
81%
ItalianCiao/Salve/Pronto/Piacere
75%
HindiHallo/Namaste/Halo/Salaam
75%
SpanishHola
75%
CatalanHola
75%
AfrikaansHallo
69%
NorwegianHallo
69%
LuxembourgishHallo
69%
IcelandicHalló
69%
DutchHallo/Doei/Dag
69%
GermanHallo/Guten Tag
69%
IndonesianHalo/Apa Kabar/Salam
63%
PolishDzień Dobry/Halo/Cześć
56%
PortugueseOlá/Oi/Alô
56%
BosnianZdravo/Halo/Alo
56%
ChineseNi Hao/Wei
44%
JapaneseKonnichiwa
31%
RussianPrivet/Zdravstvuyte/Allo
31%
AzerbaijaniSalam/Alo/Dinləyirəm/Qulaq asıram
31%
TurkmenSalam
25%
VietnameseXin Chao/Alo/Chao Anh/Chao Chi/O Nai
25%
FinnishHei/Haloo
19%
ArabicAhla/Marhba/Alu
6%
BelarusianDobry Dzień
6%
GeorgianGamarjoba
6%
MalayHelo
6%
WelshHelo
6%
SinhalaHelō
6%
ChichewaMoni
6%
LaoSabaidi
6%
ThaiS̄wạs̄dī/Sawadeeka
6%
TamilVanakkam
6%
KoreanYeoboseyo/Annyeonghaseyo
6%
SwahiliHabari
0%
BengaliHyālō/Ārē
0%
SesothoLumela
0%
XhosaMholo
0%
KinyarwandaMwaramutse
0%
YorubaPẹlẹ o
0%
MalagasySalama
0%
EsperantoSaluton
0%
ZuluSawubona
0%

Score Distribution

Percentile by Number Answered

Percent of People with Each Score

Your Score History

You have not taken this quiz